| 000 | 02894nmm a2200337 i 4500 | ||
|---|---|---|---|
| 003 | vecauma | ||
| 005 | 20250923145222.0 | ||
| 007 | cz aa aaaaa | ||
| 008 | 250923s2025 ve ||||fo||d| 00| 0 spa d | ||
| 040 |
_avecauma _bspa _cvecauma _dvecauma _erda |
||
| 041 | 0 | _aspa | |
| 099 |
_fPFC11 _c2025 |
||
| 100 | 1 |
_913387 _aDe Biaggi Donis, Brina _eautor |
|
| 245 | 1 | 0 |
_aPodcast "Vibrando Alto" para visibilizar la filosofía de vida del Círculo de Realización Personal (CRP) en Caracas, Venezuela _c/ Brina De Biaggi Donis, María Elisa Delgado Torres ; tutor, Evelyn Miranda. |
| 264 | _cjunio 2025. | ||
| 300 | _a1 recurso en línea. | ||
| 336 |
_atexto _btxt _2rdacontenido |
||
| 337 |
_acomputadora _bc _2rdamedio |
||
| 338 |
_arecurso en línea _bcr _2rdasoporte |
||
| 347 |
_aarchivo de texto _bPDF |
||
| 502 |
_aProyecto Final de Carrera _b(Licenciado en Comunicación Social). -- _cUniversidad Monteávila, _eCaracas, _d2025. |
||
| 520 | 3 | _aEl presente proyecto propone la creación del podcast “Vibrando Alto” para visibilizar el impacto de la filosofía de vida del Círculo de Realización Personal (CRP) en la salud mental dentro de diferentes contextos sociales en Caracas, Venezuela. En las últimas décadas, se ha observado que adultos y jóvenes venezolanos presentan dificultades para sobrellevar su salud mental a diario, por lo que han aumentado las búsquedas de herramientas de bienestar emocional como CRP. Por este motivo, las autoras del trabajo apuntan a la creación de un espacio seguro empleando un enfoque conversacional y reflexivo, complementado con recursos visuales y sonoros que logren fortalecer la conexión con la audiencia para satisfacer esta necesidad de consumo de contenido digerible y entretenido sobre inteligencia emocional. Se busca que “Vibrando Alto” sea una herramienta de apoyo en este camino de transformación emocional y desarrollo personal. A lo largo de cuatro episodios se exploraron las distintas dimensiones de dicho método, tal como: la diferencia entre CRP y la psicología tradicional, su beneficio en la perspectiva del duelo, su aplicación en contexto de crisis y un testimonio de cambio de perspectiva desde su práctica. Finalmente, esta propuesta permite que la audiencia desee ser expuesta a nuevas herramientas beneficiosas para la salud mental, así como despojar cualquier tipo de estereotipos existentes sobre las diversas maneras de abordar el bienestar emocional. | |
| 650 | 0 |
_9351 _aPODCASTS _xCASOS DE ESTUDIO |
|
| 650 | 0 |
_9880 _aINTELIGENCIA EMOCIONAL _xCASOS DE ESTUDIO |
|
| 650 | 0 |
_99956 _aAUTORREALIZACION _xCASOS DE ESTUDIO |
|
| 700 | 1 |
_913386 _aDelgado Torres, María Elisa _eautor |
|
| 700 | 1 |
_98153 _aMiranda, Evelyn _etutor |
|
| 856 | 4 | 0 |
_uhttp://repositoriodigital.uma.edu.ve:8080/jspui/handle/123456789/1411 _zPara ver el documento presione aquí |
| 942 |
_2lcc _cTESIS |
||
| 999 |
_c12340 _d12340 |
||